Výchovná problematika v dětských zařízeních / kolektiv autorů [Helena Gurášová ... et al.]
Record details
- ISBN: 80-7013-212-4
- Physical Description: 259 s. ; 21 cm
- Edition: Vyd. 1.
- Publisher: Brno : Institut pro další vzdělávání pracovníků ve zdravotnictví, 1996
Content descriptions
| General Note: | 1000 výt. |
| Bibliography, etc. Note: | Bibliogr. |
| Target Audience Note: | Určeno pro pomaturitní specializační studium |
Search for related items by subject
| Subject: | výchova dítěte speciální pedagogika |
| Genre: | učebnice |
Search for related items by series
Available copies
- 1 of 1 copy available at Common Catalog SPOK.
Holds
- 0 current holds with 1 total copy.
Show Only Available Copies
| Location | Call Number / Copy Notes | Barcode | Shelving Location | Status | Due Date |
|---|---|---|---|---|---|
| Jabok Library | Ped-8.2.2 | 424480001257 | Odborná literatura | Available | - |
| LDR | 01360nam a2200373 a 4500 | ||
|---|---|---|---|
| 001 | 14664 | ||
| 003 | CZ-PrJAB | ||
| 005 | 20220621131949.0 | ||
| 007 | tu | ||
| 008 | 960815s1996 xr e 000 0 cze | ||
| 015 | . | ‡acnb000120788 | |
| 020 | . | ‡a80-7013-212-4 ‡q(brož.) | |
| 035 | . | ‡a(CZ PrNK)cpk19960120788 | |
| 035 | . | ‡a(OCoLC)84913146 | |
| 040 | . | ‡aABA001 ‡bcze | |
| 072 | 7. | ‡a37 ‡xVýchova a vzdělávání ‡2Konspekt ‡922 | |
| 080 | . | ‡a37.01 ‡2undef | |
| 080 | . | ‡a376 ‡2undef | |
| 245 | 0 | 0. | ‡aVýchovná problematika v dětských zařízeních / ‡ckolektiv autorů [Helena Gurášová ... et al.] |
| 250 | . | ‡aVyd. 1. | |
| 260 | . | ‡aBrno : ‡bInstitut pro další vzdělávání pracovníků ve zdravotnictví, ‡c1996 | |
| 300 | . | ‡a259 s. ; ‡c21 cm | |
| 490 | 1 | . | ‡aUčební text |
| 500 | . | ‡a1000 výt. | |
| 504 | . | ‡aBibliogr. | |
| 521 | . | ‡aUrčeno pro pomaturitní specializační studium | |
| 650 | 0 | 7. | ‡avýchova dítěte ‡7ph127420 ‡2czenas |
| 650 | 0 | 7. | ‡aspeciální pedagogika ‡7ph116230 ‡2czenas |
| 655 | 7. | ‡aučebnice ‡7fd133770 ‡2czenas | |
| 700 | 1 | . | ‡aGurášová, Helena ‡7mub2018994447 ‡4aut |
| 830 | 0. | ‡aUčební texty Institutu pro další vzdělávání pracovníků ve zdravotnictví v Brně | |
| 910 | . | ‡aABG312 | |
| 995 | . | ‡aska | |
| 901 | . | ‡a14664 ‡bCZ PrNK ‡c14664 ‡tbiblio | |